000 00710nam a2200229Ia 4500
003 GCL
008 140319s9999 xx 000 0 eng d
020 _a0333646258
040 _aGCL /
_cGCL
082 0 4 _a332.042
_bG I
100 1 _aGODDARD, ROE C.
245 1 0 _aINTERNATIONAL POLITICAL ECONOMY :
_bSTATE - MARKET RELATIONS IN THE CHANGING GLOBAL ORDER /
_cGODDARD, ROE C.
700 1 _aPASSE - SMITH, JOHN T.
700 1 _aCONKLIN, JOHN G.
260 _aانجلترا :
_bLYNNE RIENNER PUBLISHERS ،
_c1996
300 _a22 CM ؛
_cX,545 P
490 _aNONE
_v0
650 0 4 _aINTERNATIONAL FINANCE
650 0 4 _aINTERNATIONAL ECONOMIC RELATIONS
650 0 4 _aECONOMIC ASSISTANCE
942 _2ddc
_cBK
999 _c194
_d194